Normal view
MARC view
- RADIOLOGY MEDICAL RADIOGRAPHY MEDICAL
Entry Topical Term
001 - CONTROL NUMBER
- control field: 74926
003 - CONTROL NUMBER IDENTIFIER
- control field: NUST
005 - DATE AND TIME OF LATEST TRANSACTION
- control field: 20210628205321.0
008 - FIXED-LENGTH DATA ELEMENTS
- fixed length control field: 210628|| aca||aabn | a|a d
040 ## - CATALOGING SOURCE
- Original cataloging agency: NUST
- Transcribing agency: NUST
150 ## - HEADING--TOPICAL TERM
- Topical term or geographic name entry element: RADIOLOGY MEDICAL RADIOGRAPHY MEDICAL
670 ## - SOURCE DATA FOUND
- Source citation: Work cat.: (NUST): BARON, J. P,LYMAN, R. C 74925, A STUDY GUIDE FOR RADIO LOGIC TECHNOLOGISTS, 1978
